| 000 | 00824nam a2200229Ia 4500 | ||
|---|---|---|---|
| 001 | 17172 | ||
| 003 | GE_BSU | ||
| 008 | 181216s||||||||xx |||||||||||||| ||und|| | ||
| 040 | _cGE_BSU | ||
| 080 | _a82-93:821.161.1-3 | ||
| 100 | _aპრილეჟაევა, მ. | ||
| 245 | _aშენთან ამხანაგები არიან | ||
| 245 | _bმოთხრობა საშ. და უფრ. ასაკისათვის | ||
| 245 | _cმთარგმნ.: დ. დეკანოზიშვილი. | ||
| 260 | _aთბილისი | ||
| 260 | _bსაბლიტგამი | ||
| 260 | _c1952 | ||
| 300 | _a152გვ. : ილ. ; 20სმ. | ||
| 653 | _aმოთხრობა | ||
| 653 | _aშენთან ამხანაგები არიან | ||
| 942 | _cBK | ||
| 999 |
_c50234 _d50234 |
||